Statistiques concernant Harry Potter - Les films Part. 2

Cliquez ici pour prendre le quiz!

Statistiques générales

  • Ce quiz a été pris 154 fois
  • Le résultat moyen est 9 sur 15

Statistiques - réponses

QuestionsRéponses% Correct
De qui Neville dit être fou amoureux lors de la grande bataille ?Luna Lovegood
87%
Quelle insulte est proférée par Drago Malefoy à l'égard de Hermione et qui l'a fait pleurer ?Sale Sang-de-Bourbe
87%
Qui tue Sirius Black ?Bellatrix Lestrange
84%
Avec qui Hermione danse-t-elle dans Les Reliques de la Mort ?Harry Potter
82%
En tout, combien de personnes prennent l'apparence de Harry Potter dans les Reliques de la Mort ?6 (Fred, Georges, Mondingus, Fleur, Ron, Hermione)
80%
Quelle créature est Buck ?Hippogriffe
78%
Qui conseil à Harry Potter d'aller dans la grande baignoire avec son oeuf ?Cedric Diggory
74%
Qu'essaye de faire Ron à son rat dans le train vers Poudlard ?Le changer en jaune
74%
Qui tue Bellatrix Lestrange ?Molly Weasley
70%
Qui ensorcelle le cognard qui attaque Harry, ce qui va l'amener à tomber et se casser le bras ?Dobby
51%
Quel sort utilise Hermione contre Ron lorsqu'elle le voit avec Lavande ?Oppugno
30%
Quel sortilège est utilisé par le professeur McGonagall pour protéger Poudlard ?Piertotum Locomotor
30%
Quel est le nom complet de Albus Dumbledore ?Albus Percival Wulfric Brian Dumbeldore
22%
Qui apparait et aide Harry Potter dans son duel avec Voldemort dans la coupe de feu ?Lily Potter (sa mère), James Potter (son père), Cedric Diggory
2%
De quelle couleur est la cravate de Hagrid dans la Coupe de Feu ?Marron à pois jaunes
1%

Distribution des résultats

Percentile par nombre de réponses

% des personnes avec chaque résultat

Votre développement - résultats

Vous n’avez pas pris ce quiz